00354nam a2200121Ia 4500008004100000100002600041245010300067260001200170260001100182260000900193300000700202650002300209160109s9999 xx 000 0 und d10aJayawickrama,W.A.I.U. aDetermination of Antioxident Activity of Some Plant Extracts used for Arthritis Ayurvedic Medicine aColombo bIchemc c2014 a40 aAyurvedic Medicine